Aerospace manufacturing processes / (Record no. 170772)
[ view plain ]
| 000 -LEADER | |
|---|---|
| fixed length control field | 00905cam a22002658i 4500 |
| 001 - CONTROL NUMBER | |
| control field | 19083686 |
| 003 - CONTROL NUMBER IDENTIFIER | |
| control field | OSt |
| 005 - DATE AND TIME OF LATEST TRANSACTION | |
| control field | 20240207093046.0 |
| 008 - FIXED-LENGTH DATA ELEMENTS--GENERAL INFORMATION | |
| fixed length control field | 160505s2017 flu b 001 0 eng |
| 020 ## - INTERNATIONAL STANDARD BOOK NUMBER | |
| International Standard Book Number | 9781498756044 (hardback : alk. paper) |
| 040 ## - CATALOGING SOURCE | |
| Original cataloging agency | NUST |
| Language of cataloging | eng |
| Transcribing agency | NUST |
| Description conventions | rda |
| Modifying agency | NUST |
| 050 00 - LIBRARY OF CONGRESS CALL NUMBER | |
| Classification number | TL671.28 SAH |
| 100 1# - MAIN ENTRY--PERSONAL NAME | |
| Personal name | Saha, Pradip K., |
| Relator term | Author. |
| 245 10 - TITLE STATEMENT | |
| Title | Aerospace manufacturing processes / |
| Statement of responsibility, etc. | Pradip K. Saha. |
| 260 ## - PUBLICATION, DISTRIBUTION, ETC. | |
| Place of publication, distribution, etc. | Boca Raton : |
| Name of publisher, distributor, etc. | CRC Press, |
| Date of publication, distribution, etc. | ©2017. |
| 300 ## - PHYSICAL DESCRIPTION | |
| Extent | xxi, 471 pages : |
| Other physical details | illustrations |
| Dimensions | 27 cm. |
| 336 ## - CONTENT TYPE | |
| Content type term | text |
| Content type code | txt |
| Source | rdacontent |
| 337 ## - MEDIA TYPE | |
| Media type term | unmediated |
| Media type code | n |
| Source | rdamedia |
| 338 ## - CARRIER TYPE | |
| Carrier type term | volume |
| Carrier type code | nc |
| Source | rdacarrier |
| 504 ## - BIBLIOGRAPHY, ETC. NOTE | |
| Bibliography, etc. note | Includes bibliographical references and index. |
| 650 #0 - SUBJECT ADDED ENTRY--TOPICAL TERM | |
| Topical term or geographic name entry element | Airplanes |
| General subdivision | Design and construction. |
| 650 #0 - SUBJECT ADDED ENTRY--TOPICAL TERM | |
| Topical term or geographic name entry element | Space vehicles |
| General subdivision | Design and construction. |
| 650 #0 - SUBJECT ADDED ENTRY--TOPICAL TERM | |
| Topical term or geographic name entry element | Aerospace industries. |
| 942 ## - ADDED ENTRY ELEMENTS (KOHA) | |
| Source of classification or shelving scheme | Library of Congress Classification |
| Koha item type | Ordinary Loan Books |
| Classification part | TL671.28 |
| Call number prefix | TL |
| Call number suffix | SAH |
| Suppress in OPAC | No |
| Withdrawn status | Lost status | Source of classification or shelving scheme | Damaged status | Not for loan | Collection | Home library | Current library | Shelving location | Date acquired | Source of acquisition | Cost, normal purchase price | Total Checkouts | Full call number | Barcode | Date last seen | Accession number | Cost, replacement price | Price effective from | Koha item type | Public note |
|---|---|---|---|---|---|---|---|---|---|---|---|---|---|---|---|---|---|---|---|---|
| LCC | NFIC | MAIN | MAIN | GEN | 05/09/2023 | Book Aid International | 280.00 | TL671.28 SAH | 92004053100 | 02/07/2024 | 59937 | 280.00 | 05/09/2023 | BOOKS | Donation |